Statistiques concernant Les donjons des jeux Zelda!

Cliquez ici pour prendre le quiz!

Statistiques générales

  • Ce quiz a été pris 421 fois
    (397 depuis la dernière actualisation)
  • Le résultat moyen est 33 sur 124

Statistiques - réponses

Réponse% Correct
Temple de l'Eau
91%
| Phantom HourglassTemple du Feu
91%
| The Minish CapTemple de la Forêt
86%
Ocarina of TimeArbre Mojo
84%
Temple de l'Ombre
77%
Temple de l'Esprit
74%
Caverne Dodongo
71%
| Four Swords AdventuresChâteau d'Hyrule
68%
Ventre de Jabu-Jabu
67%
Temple du Temps
64%
Temple du Vent
63%
Ventre Jabu-Jabu
63%
Tour du Château d'Hyrule
61%
Temple de la Terre
55%
Spirit Tracks | Twilight PrincessTemple Sylvestre
51%
Célestia
48%
Tour des Dieux
48%
Temple Abyssal
45%
Tour du Jugement
45%
Tour de Ganon
44%
Mine Goron
41%
Skyward SwordTemple de la Contemplation
40%
Raffinerie de Lanelle
34%
Palais du Crépuscule
33%
Majora's MaskTemple de Bois-Cascade
33%
Temple de la Grande Baie
33%
Lune
31%
Galion des Sables
30%
Forteresse Maudite
29%
Grande Caverne Antique
29%
Temple du Pic des Neiges
29%
The Wind WakerCaverne du Dragon
28%
Bois Défendus
25%
A Link Between Worlds | A Link to the PastPalais de l'Est
24%
Ruines des Pics Blancs
23%
Temple de Glace
23%
Temple de la Forteresse de Pierre
23%
Temple des Sables
22%
Tour des Cieux
22%
Palais des Ténèbres
21%
Tour d'Héra
21%
Rocher de la Tortue
20%
Temple Goron
20%
Grand Sanctuaire Ancien
19%
Palais du Désert
19%
Temple des Neiges
19%
Temple du Roi des Mers
18%
Temple Marin
15%
Château de Lorule
14%
Montagne de la Mort
14%
Navire Fantôme
14%
Temple du Courage
14%
Tour du Vautour
13%
Roc de la Tortue
12%
Palais du Marais
11%
Grotte du Génie
10%
Palais de Glace
10%
Palais du Vent
10%
Temple du Masque
10%
Link's AwakeningCave Flagello
9%
Demeure des Vents
9%
Pyramide
9%
Temple des Ténèbres
9%
Bourbier Souffrance
8%
Poisson-Chat
8%
Temple de l'Est
8%
Temple de Mutoh
8%
Temple des Couleurs
8%
Cave aux Clés
7%
Forteresse du Vent
7%
Grotte de Feu
7%
Oeuf Sacré
7%
Palais des Vents
7%
Palais de Vaati
7%
Château des Ténèbres
6%
Forêt de Squelettes
6%
Ruines de Glace
6%
Village des Bandits
6%
Abîme du Poisson
5%
Château d'Onox
5%
Grotte Sirène (passé)
4%
Grotte Sirène (présent)
4%
Four SwordsMer d'Arbres
4%
Palais de l'Epée de Quatre
4%
Tour Noire
4%
Antre Mites Poison
3%
Crypte Etrange
3%
Donjon Couronne
3%
Donjon Dragon Dansant
3%
Oracle of SeasonsDonjon Racine Noueuse
3%
Grotte Licorne
3%
Grotte Lune
3%
Ruines Serpent
3%
Tombe Ancienne
3%
Oracle of AgesTombe Esprits
3%
Tour des Vents
3%
Cave Croulante
2%
Chambre Sacrée
2%
Donjon Ailes
2%
Donjon Epée&Ecu
2%
Donjon Zombies
2%
Infiltration du Château d'Hyrule
2%
Vestige Ancien
2%
Tour des Flammes
1%

Distribution des résultats

Percentile par nombre de réponses

% des personnes avec chaque résultat

Votre développement - résultats

Vous n’avez pas pris ce quiz depuis la dernière actualisation